ENTERPRISE RISK MANAGEMENT MODELS (Record no. 32618)

MARC details
000 -LEADER
fixed length control field 00355nam a2200145Ia 4500
008 - FIXED-LENGTH DATA ELEMENTS--GENERAL INFORMATION
fixed length control field 240624s9999 xx 000 0 und d
041 ## - LANGUAGE CODE
Language code of text/sound track or separate title eng
082 ## - DEWEY DECIMAL CLASSIFICATION NUMBER
Classification number 658.5 OLS
100 ## - MAIN ENTRY--PERSONAL NAME
Personal name OLSON L DAVID
245 ## - TITLE STATEMENT
Title ENTERPRISE RISK MANAGEMENT MODELS
250 ## - EDITION STATEMENT
Edition statement (3rd ed.)
260 ## - PUBLICATION, DISTRIBUTION, ETC.
Date of publication, distribution, etc. 2020
Place of publication, distribution, etc. Germany
Name of publisher, distributor, etc. Springer
300 ## - PHYSICAL DESCRIPTION
Extent 225p. ;23cm.
365 ## - TRADE PRICE
Currency code ERU
Price amount 33
Holdings
Withdrawn status Lost status Damaged status Not for loan Home library Current library Shelving location Date acquired Full call number Barcode Date last seen Copy number Price effective from Koha item type
        IMTN IMTN Rack 34-A 01/07/2022 658.5 OLS 32618 06/24/2024 88.7 06/24/2024 Books
Designed & Maintained by: LRC IMT Nagpur Contact: lrc@imtnag.ac.in© 2024. All Rights Reserved.